000 00304nam a2200121Ia 4500
008 190216s9999||||xx |||||||||||||| ||und||
100 _aBhastana C T&Amp; Nabar D P
245 0 _aSelected Topics In Organic Chemistry
260 _bS Chand & Co
_c1982
300 _a464p
650 _aChemistry
942 _cBK
999 _c2448
_d2448